02479cam a22003974a 4500001001000000003000400010005001700014008004100031010001500072020001800087020005700105020005400162020006300216020006000279020003800339020003500377020002500412020002200437040001100459050002300470060001500493060000900508082001200517100002200529245020600551250001200757260004100769300004100810504005100851505103300902650001801935650003101953650004001984700003302024700002402057671465411OSt20150408114138.0101019s2012 maua b 001 0 eng  a2010044963 a9780321771636 a9780321712714 (Student ed. : hardcover : alk. paper) a0321712714 (Student ed. : hardcover : alk. paper) a9780321716361 (Professional copy : hardcover : alk. paper) a0321716361 (Professional copy : hardcover : alk. paper) a9780321732675 (International ed.) a0321732677 (International ed.) a9780321694294 (hbk.) a0321694295 (hbk.) aMa-Un 00aQR41.2b.B383 201200a2012 A-73710aQW 400a5792221 aBauman, Robert W.10aMicrobiology :bwith diseases by body system /cRobert W. Bauman ; contributions by Elizabeth Machunis-Masuoka, Jean E. Montgomery ; clinical consultants, Cecily D. Cosby, Janet Fulks, John M. Lammert. a3rd ed. aBoston :bBenjamin Cummings,cc2012. axxxvi, 803 p. :bcol. ill. ;c29 cm. aIncludes bibliographical references and index.0 aA brief history of microbiology -- The chemistry of microbiology -- Cell structure and function -- Microscopy, staining, and classification -- Microbial metabolism -- Microbial nutrition and growth -- Microbial genetics -- Recombinant DNA technology -- Controlling microbial growth in the environment -- Controlling microbial growth in the body : antimicrobial drugs -- Characterizing and classifying prokaryotes -- Characterizing and classifying eukaryotes -- Characterizing and classifying viruses, viroids, and prions -- Infection, infectious disease, and epidemiology -- Innate immunity -- Adaptive immunity -- Immunization and immune testing -- AIDS and other immune disorders -- Microbial diseases of the skin and wounds -- Microbial diseases of the nervous system and eyes -- Microbial cardiovascular and systemic diseases -- Microbial diseases of the respiratory system -- Microbial diseases of the digestive system -- Microbial diseases of the urinary and reproductive systems -- Applied and environmental microbiology. 0aMicrobiology.12aMicrobiological Phenomena.22aBacterial Infectionsxmicrobiology.1 aMachunis-Masuoka, Elizabeth.1 aMontgomery, Jean E.